Komorný Elton John

Bibliographic Details
Main Author: Zacharová, Lucia (Author)
Format: Article
Language:Slovak
PhysicalDescription:Fotogr.
ISSN:1335-4050
Subjects:

MARC

LEADER 00000nab a2200000 ar4500
001 vtls010202699
003 SK-MaSNL
005 20260303093800.0
008 110111c20100624xo ||||||||||||00 b|slo
015 |a SNBRB2011/01  |2 snkbucl 
038 |a SNKBUCL 
040 |a SNKBUCL  |b slo  |c SNKBUCL  |e AACR2 
041 0 |a slo 
044 |a xo  |c SK 
080 |a 78.071.2:784.66:061.7  |x (437.6)  |2 2001 
080 |a 784.66  |2 2001 
100 1 |a Zacharová, Lucia  |4 aut  |9 268180 
245 1 0 |a Komorný Elton John  |c Lucia Zacharová 
300 |b Fotogr. 
600 1 7 |a John, Elton,  |d 1947-  |2 snkbucl  |9 168584 
648 7 |a 2010  |2 snkbucl  |9 324355 
650 0 7 |a koncerty  |2 snkbucl  |9 19182 
651 7 |a Košice (Slovensko)  |2 snkbucl  |9 18694 
773 0 |t Pravda  |g Roč. XX, č. 144 (24.6.2010), s. 36  |x 1335-4050 
852 |a SNK  |b KIS3GCP 
958 |a SK 
999 |c 1817151  |d 1819081